000 00463nam a2200193Ia 4500
003 GCL
008 140319s9999 xx 000 0 eng d
040 _aGCL /
_cGCL
082 0 4 _a751.422
_bC W
100 1 _aCLORKE, MICHAEL
245 1 0 _aWATERCOLOUR /
_cCLORKE, MICHAEL
260 _a[S.N] :
_bDORLING KINDERSLEY ،
_c1993
300 _a64 PP
650 0 4 _aARTS
650 0 4 _aPAINTING
650 0 4 _aWATER COLOURS
650 0 4 _aPAINTERS
942 _2ddc
_cBK
999 _c18882
_d18882